1852 1265 1754 1402 1409 1069 1032 1567 1026 1399 1626 1311 1423 1208 1229 1749 1099 1752 1573 1382 1245 1816 1241 1179 1823 1999 1651 1222 1000 1089 1018 1310 1853 1973 1216 1407 1806 1740 1606 1314 1498 1877 1624 1224 1529 1853 1151 1667 1225 1429 1994 1903 1059 1846 1561 1094 1474 1208 1070 1721 1745 1147 1737 1901 1454 1402 1165 1246 1947 1891 1253 1566 1956 1824 1206 1625 1117 1848 1587 1816 1077 1487 1523 1468 1826 1978 1342 1806 1317 1324 1173 1475 1722 1145 1070 1349 1180 1391 1570 BCNSPRNW ULIB Ver.6.0+V

เปลี่ยนเป็นภาษาไทย

Change to English
 แสดงรายละเอียดบรรณานุกรม
  กลับหน้าหลัก

Brief Record : Get Marc (ISO 2709) : E-mail record : QR code < ปิดหน้าต่าง
LEADER : 00000nam 2200000uu 4500
001    13399124235
003     ULIB
008    020711s2015 th a 000 0 eng d
020    9780323266024
060    WY152^bS944G
100    Sue E. Meiner.
245    Gerontologic Nursing./^cSue E. Meiner.
250    5th ed
260    St.Louis. :^bElsevier,^c2015
300    680 pages;^b27.5 cm
650    Gerontologic Nursing
945    ^p0^l0^i039067
รายการนี้ยังไม่มีแท็ก
คุณยังไม่ได้ล็อกอิน คุณสามารถมีกิจกรรมร่วมกับเว็บไซต์ได้ แต่ต้องล็อกอินก่อน ::
  ล็อกอิน

รายการสื่อสารสนเทศ

ลำดับที่ ประเภท เลขเรียก/บาร์โค้ด สถานที่ สถานะ
1. Book การพยาบาล
Book การพยาบาล
WY152 S944G ฉ.1 
  Barcode: 039067
ห้องสมุดวิทยาเขตสวรรค์ประชารักษ์
►หนังสือทั่วไป
บนชั้น

BibComment


ยังไม่เคยถูกคอมเมนท์

คอมเมนท์ทรัพยากรรายการนี้
  คอมเมนท์: Gerontologic Nurs..


 Copyright 2026. Bcnsprnw @Library